[Event "23rd Bosna it"]
[Site "Sarajevo YUG"]
[Date "1984.03.19"]
[Round "1"]
[White "Hulak, Krunoslav"]
[Black "Kortschnoj, Viktor"]
[Result "0-1"]
[WhiteElo "2510"]
[BlackElo "2635"]
[EventDate "1984.03.19"]
[PlyCount "80"]

1.d4 Nf6 2.c4 e6 3.g3 d5 4.Nf3 dxc4 5.Bg2 Bd7 6.Ne5 Bc6 7.Nxc6 Nxc6 8.Qa4 
Qd7 9.e3 Nb4 10.Qxd7+ Kxd7 11.Na3 Nd3+ 12.Ke2 Bxa3 13.bxa3 Rab8 14.Bd2 b5 
15.Ba5 h5 16.h4 Rhc8 17.Rhd1 Ke7 18.Rab1 c5 19.dxc5 Rxc5 20.Bc3 g6 21.e4 
e5 22.f3 Nd7 23.Ke3 Rc6 24.Bf1 N7c5 25.f4 exf4+ 26.gxf4 Ra6 27.Bxd3 Nxd3 
28.Rxd3 cxd3 29.Bb4+ Ke6 30.Kxd3 Rd8+ 31.Ke3 Rc6 32.Ba5 Rdc8 33.Rb3 Rd6 
34.Rb1 a6 35.a4 bxa4 36.Rb7 Rc2 37.Bb4 Rb2 38.e5 Rd7 39.Rb6+ Kf5 40.a3 
Rb3+ 0-1

[Event "23rd Bosna it"]
[Site "Sarajevo YUG"]
[Date "1984.03.19"]
[Round "1"]
[White "Kurajica, Bojan"]
[Black "Marjanovic, Slavoljub"]
[Result "1/2-1/2"]
[WhiteElo "2495"]
[BlackElo "2525"]
[EventDate "1984.03.19"]
[PlyCount "34"]

1.d4 Nf6 2.Nf3 e6 3.c4 b6 4.Nc3 Bb4 5.Bg5 Bb7 6.Rc1 h6 7.Bxf6 Qxf6 8.a3 
Bxc3+ 9.Rxc3 O-O 10.g3 Nc6 11.e3 Ne7 12.Bg2 c5 13.O-O Rfd8 14.Qe2 Rac8 15.
Rd1 Be4 16.Ne5 Bxg2 17.Kxg2 d6 1/2-1/2

[Event "23rd Bosna it"]
[Site "Sarajevo YUG"]
[Date "1984.03.19"]
[Round "1"]
[White "Lobron, Eric"]
[Black "Velimirovic, Dragoljub"]
[Result "1/2-1/2"]
[WhiteElo "2520"]
[BlackElo "2500"]
[EventDate "1984.03.19"]
[PlyCount "90"]

1.Nf3 c5 2.g3 Nc6 3.Bg2 g6 4.c4 Bg7 5.Nc3 a6 6.O-O Rb8 7.e3 b5 8.cxb5 axb5
9.d4 b4 10.Ne4 cxd4 11.exd4 d5 12.Nc5 e6 13.Bg5 Nge7 14.Rc1 h6 15.Bxe7 
Nxe7 16.Ne5 O-O 17.f4 Ra8 18.Qb3 Qa5 19.Rfd1 Ba6 20.Bh3 Bb5 21.Rd2 Qxa2 
22.Qxb4 Qa5 23.Qxa5 Rxa5 24.Nb7 Ra6 25.Rc7 Nc6 26.Nc5 Bxe5 27.dxe5 Ra7 28.
Rb7 Rxb7 29.Nxb7 Rb8 30.Nd6 Ba4 31.Bf1 Kf8 32.Ba6 Rb6 33.Bc8 Na7 34.Rd3 
Rxd6 35.exd6 Nxc8 36.Ra3 Bd7 37.Ra8 Ke8 38.b4 Kd8 39.Rb8 Be8 40.b5 Bxb5 
41.Rxb5 Nxd6 42.Ra5 h5 43.Ra7 Ke8 44.Kf2 Kf8 45.Rd7 Ne4+ 1/2-1/2

[Event "23rd Bosna it"]
[Site "Sarajevo YUG"]
[Date "1984.03.19"]
[Round "1"]
[White "Popovic, Petar"]
[Black "Dizdar, Goran"]
[Result "0-1"]
[WhiteElo "2515"]
[BlackElo "2465"]
[EventDate "1984.03.19"]
[PlyCount "80"]

1.e4 e6 2.d4 d5 3.Nd2 c5 4.exd5 exd5 5.Ngf3 a6 6.dxc5 Bxc5 7.Nb3 Ba7 8.Bg5
Nf6 9.Qe2+ Be6 10.Nfd4 Qe7 11.O-O-O Nc6 12.Nxe6 fxe6 13.g3 O-O 14.Bh3 Rae8
15.Rhe1 h6 16.Bxf6 Qxf6 17.Bxe6+ Kh8 18.f4 a5 19.a4 Bd4 20.c3 Bxc3 21.bxc3
Rxe6 22.Qd3 Re4 23.Rxe4 dxe4 24.Qe3 Rc8 25.Kb1 Ne7 26.Qxe4 Qxc3 27.Qd3 Qb4
28.Kb2 Qxa4 29.Ra1 Qb4 30.Rxa5 Nc6 31.Ra1 Qe7 32.Qc3 Qe2+ 33.Qd2 Qf3 34.
Re1 Rd8 35.Qe3 Qd5 36.Qb6 Qg2+ 37.Kb1 Ra8 38.Qxb7 Qa2+ 39.Kc1 Qa3+ 40.Kd2 
Qb2+ 0-1

[Event "23rd Bosna it"]
[Site "Sarajevo YUG"]
[Date "1984.03.20"]
[Round "2"]
[White "Kortschnoj, Viktor"]
[Black "Lobron, Eric"]
[Result "1/2-1/2"]
[WhiteElo "2635"]
[BlackElo "2520"]
[EventDate "1984.03.19"]
[PlyCount "79"]

1.d4 Nf6 2.c4 e6 3.Nf3 d5 4.Nc3 Be7 5.Bg5 h6 6.Bxf6 Bxf6 7.e3 c6 8.Qd2 O-O
9.e4 Re8 10.O-O-O Nd7 11.h4 e5 12.exd5 e4 13.dxc6 bxc6 14.Ne1 Bxh4 15.Nc2 
Bg5 16.Ne3 Nf6 17.Be2 Ng4 18.Rdf1 Rb8 19.Kb1 Nxe3 20.fxe3 Qd6 21.c5 Qg3 
22.Bc4 Rb7 23.Re1 Kh8 24.Rhf1 f6 25.a3 Bg4 26.Ka2 Reb8 27.b4 f5 28.Be6 a5 
29.b5 cxb5 30.Bxf5 Bxf5 31.Rxf5 b4 32.Nd5 bxa3 33.Nb6 Rxb6 34.cxb6 Rxb6 
35.Ka1 Rb2 36.Rf8+ Kh7 37.Qxa5 Rb5 38.Qd2 Rb2 39.Qa5 Rb5 40.Qd2 1/2-1/2

[Event "23rd Bosna it"]
[Site "Sarajevo YUG"]
[Date "1984.03.20"]
[Round "2"]
[White "Marjanovic, Slavoljub"]
[Black "Hulak, Krunoslav"]
[Result "1/2-1/2"]
[WhiteElo "2525"]
[BlackElo "2510"]
[EventDate "1984.03.19"]
[PlyCount "82"]

1.e4 c5 2.Nf3 Nc6 3.d4 cxd4 4.Nxd4 Qc7 5.Nc3 e6 6.Be2 a6 7.O-O Nf6 8.Be3 
Be7 9.f4 d6 10.a4 O-O 11.Qe1 e5 12.fxe5 dxe5 13.Qg3 Nxd4 14.Bxd4 Bc5 15.
Bxc5 Qxc5+ 16.Kh1 Ne8 17.Nd5 Be6 18.Qxe5 Bxd5 19.Bd3 Rd8 20.exd5 Rxd5 21.
Qe4 g6 22.b4 Qd6 23.Bc4 Nf6 24.Qf4 Rd4 25.Qxd6 Rxd6 26.a5 Kg7 27.Rf4 Rd2 
28.Raf1 Rxc2 29.h4 h6 30.Kg1 g5 31.hxg5 hxg5 32.Rxf6 Rxc4 33.Rb6 Rc7 34.
Rff6 Rd7 35.Kf2 Rd2+ 36.Kg3 Rc8 37.Rf5 Rc3+ 38.Kh2 Rd7 39.Rxg5+ Kf8 40.Rg4
Rdc7 41.Rh4 R3c6 1/2-1/2

[Event "23rd Bosna it"]
[Site "Sarajevo YUG"]
[Date "1984.03.20"]
[Round "2"]
[White "Romanishin, Oleg"]
[Black "Popovic, Petar"]
[Result "0-1"]
[WhiteElo "2580"]
[BlackElo "2515"]
[EventDate "1984.03.19"]
[PlyCount "79"]

1.c4 Nf6 2.g3 g6 3.Bg2 Bg7 4.Nc3 O-O 5.e4 c5 6.Nge2 Nc6 7.O-O d6 8.d3 a6 
9.h3 Rb8 10.a4 Ne8 11.Be3 Nc7 12.d4 cxd4 13.Nxd4 Bd7 14.a5 Ne6 15.Nb3 Ne5 
16.Nd2 Nd3 17.Qb1 Ndc5 18.Rd1 b5 19.axb6 Rxb6 20.Bxc5 Nxc5 21.Qc2 e6 22.
Rab1 Qb8 23.Nf3 Rc8 24.Nd4 Rb4 25.Bf1 Qb6 26.Qd2 Rb8 27.b3 a5 28.Ndb5 Bxb5
29.Nxb5 Nxe4 30.Qf4 d5 31.Qf3 Rd8 32.Rbc1 h5 33.h4 dxc4 34.Qxe4 Rxb5 35.
Rxd8+ Qxd8 36.Qxc4 Rb8 37.Be2 Qb6 38.Qa4 Bd4 39.Rf1 Be5 40.Kg2 0-1

[Event "23rd Bosna it"]
[Site "Sarajevo YUG"]
[Date "1984.03.20"]
[Round "2"]
[White "Drasko, Milan"]
[Black "Van der Wiel, John"]
[Result "1/2-1/2"]
[WhiteElo "2440"]
[BlackElo "2515"]
[EventDate "1984.03.19"]
[PlyCount "125"]

1.Nf3 c5 2.c4 Nf6 3.d4 cxd4 4.Nxd4 Nc6 5.Nc3 e6 6.g3 Qb6 7.Nb3 d5 8.cxd5 
Nxd5 9.Nxd5 exd5 10.Bg2 Bb4+ 11.Bd2 O-O 12.O-O Bg4 13.Bxb4 Qxb4 14.Qxd5 
Bxe2 15.Rfc1 Rfe8 16.Nc5 Re5 17.Qb3 Rxc5 18.Rxc5 Qxc5 19.Qxb7 Rb8 20.Qxc6 
Qxc6 21.Bxc6 Rxb2 22.Bd5 g5 23.f4 Rd2 24.Re1 gxf4 25.gxf4 Rxd5 26.Rxe2 Ra5
27.Kf2 Ra3 28.Rc2 Kg7 29.Rc5 Kf6 30.Rh5 h6 31.Rxh6+ Kf5 32.Rc6 Rxa2+ 33.
Kg3 Ra3+ 34.Kf2 a5 35.h4 Kg4 36.h5 f5 37.h6 Kxf4 38.h7 Rh3 39.Rc4+ Kg5 40.
Ra4 Rxh7 41.Rxa5 Kg4 42.Kg2 Rb7 43.Ra4+ f4 44.Ra3 Rb2+ 45.Kg1 Rd2 46.Kf1 
Kf5 47.Ra5+ Ke4 48.Ra4+ Kf3 49.Ra3+ Kg4 50.Rb3 Ra2 51.Kg1 Re2 52.Kf1 Re6 
53.Kf2 Ra6 54.Kg2 Ra4 55.Kf2 Ra2+ 56.Kf1 Rh2 57.Ra3 Rh3 58.Rxh3 Kxh3 59.
Kf2 Kg4 60.Ke2 f3+ 61.Kf2 Kf4 62.Kf1 Ke4 63.Kf2 1/2-1/2

[Event "23rd Bosna it"]
[Site "Sarajevo YUG"]
[Date "1984.03.21"]
[Round "3"]
[White "Velimirovic, Dragoljub"]
[Black "Kortschnoj, Viktor"]
[Result "0-1"]
[WhiteElo "2500"]
[BlackElo "2635"]
[EventDate "1984.03.19"]
[PlyCount "84"]

1.e4 e6 2.d4 d5 3.Nc3 Bb4 4.e5 c5 5.a3 Bxc3+ 6.bxc3 Ne7 7.Nf3 Nbc6 8.Bd3 
Qa5 9.O-O c4 10.Be2 Bd7 11.a4 Nc8 12.Qd2 Nb6 13.Qf4 Qxc3 14.Ra3 Qxc2 15.
Bd1 Qf5 16.Qd2 f6 17.Bc2 Qh5 18.exf6 gxf6 19.a5 Nc8 20.Qf4 N8e7 21.Qxf6 
Rf8 22.Qg7 O-O-O 23.Qxh7 Qxh7 24.Bxh7 Rh8 25.Bc2 Rdg8 26.g3 Be8 27.Re1 Bh5
28.Bb2 Bg6 29.Bxg6 Rxg6 30.Rae3 Kd7 31.Bc3 Nf5 32.R3e2 Nd6 33.Rb1 a6 34.
Ne5+ Nxe5 35.Rxe5 Nb5 36.Re3 e5 37.dxe5 Ke6 38.Rd1 d4 39.Bxd4 Rd8 40.Re4 
c3 41.Rc1 Rxd4 42.Rxd4 Nxd4 0-1

[Event "23rd Bosna it"]
[Site "Sarajevo YUG"]
[Date "1984.03.21"]
[Round "3"]
[White "Lobron, Eric"]
[Black "Marjanovic, Slavoljub"]
[Result "1-0"]
[WhiteElo "2520"]
[BlackElo "2525"]
[EventDate "1984.03.19"]
[PlyCount "77"]

1.e4 c5 2.Nf3 d6 3.d4 cxd4 4.Nxd4 Nf6 5.Nc3 a6 6.Be3 e5 7.Nb3 Be6 8.Qd2 
Nbd7 9.f4 Rc8 10.f5 Bc4 11.Bxc4 Rxc4 12.Qd3 Qc7 13.Nd2 Rc6 14.O-O-O b5 15.
Nd5 Qc8 16.Kb1 Be7 17.Rhg1 h6 18.g4 Bd8 19.h4 h5 20.g5 Ng4 21.Nf1 Rc4 22.
Ng3 Nxe3 23.Qxe3 Rxc2 24.g6 Rh2 25.Rc1 Qb7 26.gxf7+ Kxf7 27.Nxh5 Rxh5 28.
Qg3 Bg5 29.Rc7 Qxc7 30.Nxc7 R2xh4 31.Qb3+ Ke7 32.Qg8 d5 33.Nxd5+ Kd6 34.
Qe6+ Kc5 35.Qxd7 Rh1 36.Qc7+ Kd4 37.Qc3+ Kxe4 38.Qc2+ Kd4 39.Qd1+ 1-0

[Event "23rd Bosna it"]
[Site "Sarajevo YUG"]
[Date "1984.03.21"]
[Round "3"]
[White "Djuric, Stefan"]
[Black "Romanishin, Oleg"]
[Result "1-0"]
[WhiteElo "2500"]
[BlackElo "2580"]
[EventDate "1984.03.19"]
[PlyCount "73"]

1.Nf3 Nf6 2.c4 e6 3.Nc3 Bb4 4.Qc2 c5 5.b3 Nc6 6.e3 d6 7.Be2 O-O 8.O-O e5 
9.Bb2 Bxc3 10.Bxc3 Bg4 11.h3 Bh5 12.d3 Re8 13.Qb2 Rc8 14.Rad1 Qe7 15.Rfe1 
d5 16.d4 exd4 17.exd4 Ne4 18.g4 Bg6 19.cxd5 cxd4 20.Bxd4 Nxd4 21.Qxd4 Qd6 
22.Bd3 Qf4 23.Bxe4 Rxe4 24.Rxe4 Qxe4 25.Ne5 f6 26.Nxg6 Qxd4 27.Rxd4 hxg6 
28.Kg2 Kf8 29.h4 Rc7 30.Kf3 Rc3+ 31.Ke4 Ke7 32.Rc4 Rh3 33.Rc7+ Kd6 34.Rxg7
f5+ 35.Kd4 Rxh4 36.Rxg6+ Kd7 37.f3 1-0

[Event "23rd Bosna it"]
[Site "Sarajevo YUG"]
[Date "1984.03.21"]
[Round "3"]
[White "Van der Wiel, John"]
[Black "Dizdar, Goran"]
[Result "1/2-1/2"]
[WhiteElo "2515"]
[BlackElo "2465"]
[EventDate "1984.03.19"]
[PlyCount "33"]

1.e4 e6 2.d4 d5 3.Nc3 Bb4 4.exd5 exd5 5.Bd3 Nc6 6.a3 Be7 7.Bf4 Bd6 8.Qd2 
Nxd4 9.Bb5+ Nxb5 10.Nxb5 Ne7 11.Nxd6+ cxd6 12.Qb4 O-O 13.O-O-O Nc6 14.Qxd6
Bf5 15.Ne2 Rc8 16.Rxd5 Bxc2 17.Nc3 1/2-1/2

[Event "23rd Bosna it"]
[Site "Sarajevo YUG"]
[Date "1984.03.21"]
[Round "3"]
[White "Kurajica, Bojan"]
[Black "Drasko, Milan"]
[Result "1/2-1/2"]
[WhiteElo "2495"]
[BlackElo "2440"]
[EventDate "1984.03.19"]
[PlyCount "64"]

1.d4 Nf6 2.Nf3 e6 3.g3 b6 4.Bg2 Bb7 5.c4 Bb4+ 6.Bd2 Be7 7.Nc3 O-O 8.O-O 
Na6 9.Rc1 d5 10.Ne5 c5 11.Be3 Ne4 12.cxd5 exd5 13.Nxe4 dxe4 14.dxc5 Bxc5 
15.Bxc5 Nxc5 16.b4 Ne6 17.Nc6 Bxc6 18.Rxc6 Qe7 19.Qd6 Qxd6 20.Rxd6 Rad8 
21.Rfd1 f5 22.g4 Rxd6 23.Rxd6 Nf4 24.gxf5 Nxe2+ 25.Kf1 Nc3 26.a3 Nb5 27.
Rd7 Rf7 28.Rd8+ Rf8 29.Rd1 Re8 30.Rd7 Nxa3 31.Rxa7 Nc2 32.Rb7 1/2-1/2

[Event "23rd Bosna it"]
[Site "Sarajevo YUG"]
[Date "1984.03.22"]
[Round "4"]
[White "Yusupov, Artur"]
[Black "Kortschnoj, Viktor"]
[Result "1/2-1/2"]
[WhiteElo "2570"]
[BlackElo "2635"]
[EventDate "1984.03.19"]
[PlyCount "75"]

1.d4 Nf6 2.Nf3 b6 3.Bg5 Bb7 4.Nbd2 h6 5.Bxf6 exf6 6.e4 d5 7.Bd3 dxe4 8.
Bxe4 Bxe4 9.Nxe4 Be7 10.O-O O-O 11.Re1 g6 12.Nc3 a6 13.Qd3 Bd6 14.Ne4 f5 
15.Nxd6 Qxd6 16.Ne5 Nd7 17.Nxd7 Qxd7 18.h3 Rfe8 19.c3 a5 20.Qd2 Kh7 21.
Rxe8 Rxe8 22.Re1 Rxe1+ 23.Qxe1 Qe6 24.Qxe6 fxe6 25.f4 Kg7 26.Kf2 Kf6 27.
Ke3 g5 28.g3 c6 29.b3 b5 30.a4 bxa4 31.bxa4 Kg6 32.Kf3 Kh5 33.Kf2 gxf4 34.
gxf4 Kh4 35.Kg2 Kh5 36.Kg3 Kg6 37.Kh4 h5 38.Kg3 1/2-1/2

[Event "23rd Bosna it"]
[Site "Sarajevo YUG"]
[Date "1984.03.22"]
[Round "4"]
[White "Marjanovic, Slavoljub"]
[Black "Velimirovic, Dragoljub"]
[Result "1/2-1/2"]
[WhiteElo "2525"]
[BlackElo "2500"]
[EventDate "1984.03.19"]
[PlyCount "53"]

1.e4 c5 2.Nf3 Nc6 3.d4 cxd4 4.Nxd4 g6 5.c4 Bg7 6.Be3 Nf6 7.Nc3 Ng4 8.Qxg4 
Nxd4 9.Qd1 Ne6 10.Rc1 O-O 11.b4 d6 12.Be2 a5 13.a3 axb4 14.axb4 Bd7 15.O-O
Bc6 16.Qd2 Ra3 17.Nd5 Re8 18.Rfd1 Nf8 19.h3 Nd7 20.c5 Ba4 21.cxd6 exd6 22.
Re1 Bc6 23.Bg5 Nf6 24.Nxf6+ Bxf6 25.Bxf6 Qxf6 26.g3 Rea8 27.Bc4 1/2-1/2

[Event "23rd Bosna it"]
[Site "Sarajevo YUG"]
[Date "1984.03.22"]
[Round "4"]
[White "Romanishin, Oleg"]
[Black "Van der Wiel, John"]
[Result "1-0"]
[WhiteElo "2580"]
[BlackElo "2515"]
[EventDate "1984.03.19"]
[PlyCount "91"]

1.c4 Nf6 2.Nc3 d5 3.d4 e6 4.Nf3 Be7 5.Bg5 O-O 6.e3 h6 7.Bh4 b6 8.Bd3 Bb7 
9.O-O Nbd7 10.Bg3 c5 11.Rc1 cxd4 12.exd4 dxc4 13.Bxc4 a6 14.a4 Nh5 15.d5 
Nxg3 16.hxg3 exd5 17.Nxd5 Bxd5 18.Qxd5 Nc5 19.Qf5 Qd7 20.Qh5 Bf6 21.a5 Qa7
22.b4 Nd7 23.Rfd1 b5 24.Bd5 Rae8 25.Re1 Rxe1+ 26.Rxe1 Bd4 27.Re2 Nf6 28.
Qf5 Nxd5 29.Qxd5 Bf6 30.Qc6 Be7 31.Qe4 Bf6 32.Ne1 Rc8 33.Nd3 Bd4 34.Qf5 
Rd8 35.Rc2 g6 36.Qf4 Qe7 37.Rc7 Qe6 38.Qf3 Qb3 39.Kh2 Kg7 40.Qe4 Rd5 41.
Nf4 Rd6 42.Qe2 h5 43.Qe7 Bxf2 44.Nxh5+ gxh5 45.Qxd6 Qb1 46.Qe5+ 1-0

[Event "23rd Bosna it"]
[Site "Sarajevo YUG"]
[Date "1984.03.22"]
[Round "4"]
[White "Timman, Jan"]
[Black "Lobron, Eric"]
[Result "1-0"]
[WhiteElo "2610"]
[BlackElo "2520"]
[EventDate "1984.03.19"]
[PlyCount "75"]

1.c4 e6 2.Nc3 d5 3.d4 Nf6 4.cxd5 exd5 5.Bg5 Be7 6.e3 Nbd7 7.Bd3 c6 8.Qc2 
Nh5 9.Bxe7 Qxe7 10.Nge2 g6 11.h3 Ng7 12.Nf4 Nf6 13.g4 g5 14.Ng2 h5 15.
O-O-O Be6 16.Qa4 a6 17.Qa5 Qd8 18.Qb4 Qc7 19.Na4 a5 20.Qc3 hxg4 21.hxg4 
O-O-O 22.f3 Kb8 23.Nc5 Bc8 24.Bc2 Ne6 25.Nd3 Qg3 26.Rxh8 Rxh8 27.Nge1 Qc7 
28.b4 axb4 29.Nxb4 Ne8 30.Qb2 Qb6 31.Ned3 Nd6 32.Ne5 Kc7 33.Qc3 Kd8 34.e4 
Nf4 35.Qc5 Kc7 36.Nxd5+ Nxd5 37.exd5 f6 38.Qxd6+ 1-0

[Event "23rd Bosna it"]
[Site "Sarajevo YUG"]
[Date "1984.03.22"]
[Round "4"]
[White "Dizdar, Goran"]
[Black "Kurajica, Bojan"]
[Result "0-1"]
[WhiteElo "2465"]
[BlackElo "2495"]
[EventDate "1984.03.19"]
[PlyCount "62"]

1.Nf3 Nf6 2.c4 b6 3.g3 Bb7 4.Bg2 g6 5.O-O Bg7 6.Nc3 O-O 7.d4 e6 8.Bf4 Nh5 
9.Bg5 f6 10.Be3 f5 11.Qd2 Qe7 12.Rfe1 Nf6 13.Bg5 Nc6 14.Rad1 Rae8 15.Qc1 
Na5 16.b3 Qd8 17.d5 Qc8 18.Nd2 exd5 19.Nxd5 Nxd5 20.cxd5 Ba6 21.e4 Nb7 22.
exf5 Nc5 23.Qa3 Be2 24.fxg6 Rxf2 25.gxh7+ Kh8 26.Nf3 Bxd1 27.Rxd1 Ree2 28.
Nh4 Qe8 29.Qc1 Nd3 30.Rxd3 Re1+ 31.Kxf2 Qe2# 0-1

[Event "23rd Bosna it"]
[Site "Sarajevo YUG"]
[Date "1984.03.22"]
[Round "4"]
[White "Drasko, Milan"]
[Black "Hulak, Krunoslav"]
[Result "1/2-1/2"]
[WhiteElo "2440"]
[BlackElo "2510"]
[EventDate "1984.03.19"]
[PlyCount "46"]

1.Nf3 g6 2.d4 Nf6 3.g3 Bg7 4.Bg2 O-O 5.O-O d6 6.c4 Nbd7 7.Qc2 e5 8.Rd1 Qe7
9.e4 c6 10.dxe5 dxe5 11.b3 Nc5 12.Ba3 Bg4 13.Nc3 Nfd7 14.Na4 b6 15.h3 Bxf3
16.Bxf3 Rfd8 17.Bg4 Bf8 18.Bxd7 Rxd7 19.Bxc5 bxc5 20.Nc3 Rad8 21.Kg2 h5 
22.Rxd7 Rxd7 23.Rd1 Rd4 1/2-1/2

[Event "23rd Bosna it"]
[Site "Sarajevo YUG"]
[Date "1984.03.22"]
[Round "4"]
[White "Popovic, Petar"]
[Black "Djuric, Stefan"]
[Result "1/2-1/2"]
[WhiteElo "2515"]
[BlackElo "2500"]
[EventDate "1984.03.19"]
[PlyCount "84"]

1.e4 e5 2.Nf3 Nc6 3.Bb5 a6 4.Ba4 Nf6 5.O-O Be7 6.Re1 b5 7.Bb3 O-O 8.c3 d6 
9.h3 h6 10.d4 Re8 11.Nbd2 Bf8 12.Nf1 Bd7 13.Ng3 Na5 14.Bc2 c5 15.b3 Nc6 
16.d5 Ne7 17.c4 Ng6 18.Be3 Nf4 19.Qd2 N6h5 20.Bd1 Nxg3 21.fxg3 Nh5 22.g4 
Nf6 23.Bc2 Be7 24.g5 hxg5 25.Nxg5 Nh7 26.Nxh7 Kxh7 27.Rf1 Bf6 28.Rf2 Rh8 
29.Raf1 Kg8 30.Rf3 Rh7 31.Qf2 Bh4 32.Qd2 Be7 33.Bd1 g6 34.Be2 Rb8 35.Bd3 
Rb7 36.Rc1 b4 37.Ra1 a5 38.a3 Kg7 39.Qf2 Kg8 40.Qd2 Kg7 41.Qf2 Kg8 42.Qd2 
1/2-1/2

[Event "23rd Bosna it"]
[Site "Sarajevo YUG"]
[Date "1984.03.24"]
[Round "5"]
[White "Kortschnoj, Viktor"]
[Black "Marjanovic, Slavoljub"]
[Result "1/2-1/2"]
[WhiteElo "2635"]
[BlackElo "2525"]
[EventDate "1984.03.19"]
[PlyCount "128"]

1.c4 e6 2.Nc3 d5 3.d4 c5 4.cxd5 exd5 5.Nf3 Nc6 6.g3 Nf6 7.Bg2 Be7 8.O-O 
O-O 9.Bg5 cxd4 10.Nxd4 h6 11.Be3 Bg4 12.h3 Be6 13.Qa4 Qd7 14.Nxe6 fxe6 15.
Rad1 Bb4 16.Bd2 Qe7 17.e3 a6 18.Ne2 Bd6 19.e4 Nxe4 20.Bxe4 dxe4 21.Qxe4 
Rf7 22.Kg2 Bc5 23.Nf4 e5 24.Nd5 Qe6 25.Bc3 Raf8 26.f3 Re8 27.Rfe1 Ba7 28.
a3 Qd6 29.Nb4 Qc5 30.Re2 Rd8 31.Rf1 Nd4 32.Rd2 Qb5 33.f4 a5 34.Nc2 Re8 35.
f5 Ref8 36.g4 Rd7 37.Bxd4 exd4 38.Ne1 Kh8 39.Nd3 Qc6 40.Qxc6 bxc6 41.Rc1 
Rc8 42.Re2 c5 43.Rc4 Rb7 44.b4 axb4 45.axb4 Kg8 46.Kf1 Rd8 47.bxc5 Rb3 48.
Ra4 Bb8 49.Rd2 Rc3 50.Ra8 Bc7 51.Rxd8+ Bxd8 52.Ke2 Be7 53.Kf3 Bxc5 54.Ke4 
Be7 55.Kxd4 Bf6+ 56.Kd5 Ra3 57.Nf2 Bh4 58.Nd3 Bf6 59.Ke4 Ra4+ 60.Kf3 Rd4 
61.Rd1 h5 62.Nf2 hxg4+ 63.hxg4 Rxd1 64.Nxd1 g6 1/2-1/2

[Event "23rd Bosna it"]
[Site "Sarajevo YUG"]
[Date "1984.03.24"]
[Round "5"]
[White "Kurajica, Bojan"]
[Black "Romanishin, Oleg"]
[Result "1/2-1/2"]
[WhiteElo "2495"]
[BlackElo "2580"]
[EventDate "1984.03.19"]
[PlyCount "42"]

1.Nf3 Nf6 2.c4 d6 3.d4 g6 4.g3 Bg7 5.Bg2 O-O 6.O-O Bf5 7.Nc3 Ne4 8.Qb3 
Nxc3 9.Qxc3 c6 10.Bg5 Re8 11.Nh4 Be6 12.Rac1 d5 13.Qb3 Qb6 14.cxd5 Bxd5 
15.Bxd5 cxd5 16.Qxd5 Nc6 17.Nf3 Nxd4 18.Nxd4 Bxd4 19.Rc2 Rad8 20.Qc4 Qa5 
21.Rd2 Qxg5 1/2-1/2

[Event "23rd Bosna it"]
[Site "Sarajevo YUG"]
[Date "1984.03.24"]
[Round "5"]
[White "Velimirovic, Dragoljub"]
[Black "Timman, Jan"]
[Result "1-0"]
[WhiteElo "2500"]
[BlackElo "2610"]
[EventDate "1984.03.19"]
[PlyCount "97"]

1.e4 e6 2.d4 d5 3.Nc3 Bb4 4.e5 c5 5.a3 Bxc3+ 6.bxc3 Ne7 7.Bd3 Nbc6 8.Qg4 
Qa5 9.Bd2 c4 10.Be2 Nf5 11.Nf3 Bd7 12.Ng5 h6 13.Qh5 Rf8 14.Nh7 Rg8 15.g4 
Nfe7 16.g5 Rh8 17.Nf6+ gxf6 18.gxf6 Nf5 19.Rg1 Rf8 20.Rg7 O-O-O 21.Bg4 
Nxg7 22.fxg7 Rg8 23.Qxh6 Ne7 24.h4 Qa4 25.Kd1 Nf5 26.Bxf5 exf5 27.h5 f4 
28.Qg5 Qc6 29.h6 Qe6 30.Bxf4 Qh3 31.Kd2 Rde8 32.Rg1 Re6 33.Rg3 Qh1 34.Qf5 
Rxh6 35.Qxf7 Be6 36.Qf8+ Kd7 37.Bg5 Rg6 38.Qe7+ Kc8 39.Bf6 Qh6+ 40.Rg5 
Rxf6 41.Qxf6 Qxf6 42.exf6 Kd7 43.Re5 Re8 44.f4 Bf7 45.f5 b6 46.Ke3 a6 47.
Kf4 Bg8 48.Kg5 Bf7 49.Kh6 1-0

[Event "23rd Bosna it"]
[Site "Sarajevo YUG"]
[Date "1984.03.24"]
[Round "5"]
[White "Hulak, Krunoslav"]
[Black "Dizdar, Goran"]
[Result "1/2-1/2"]
[WhiteElo "2510"]
[BlackElo "2465"]
[EventDate "1984.03.19"]
[PlyCount "82"]

1.e4 e6 2.d4 d5 3.Nd2 c5 4.exd5 exd5 5.Ngf3 a6 6.dxc5 Bxc5 7.Nb3 Ba7 8.Be2
Nf6 9.O-O O-O 10.c3 Nc6 11.Nbd4 Re8 12.Re1 Qd6 13.g3 Ne4 14.Bf4 Qf6 15.Be3
Bg4 16.Kg2 Rad8 17.Rc1 h6 18.Ng1 Bc8 19.Ngf3 Bg4 20.Rc2 Bc8 21.Bf1 Bg4 22.
Be2 Bc8 23.h3 Qg6 24.Bf1 Bb8 25.Ne2 Qf6 26.Nf4 Bf5 27.Nd3 Ng5 28.Nxg5 hxg5
29.Rd2 d4 30.cxd4 Nxd4 31.Kg1 Ba7 32.Bg2 Bxd3 33.Rxd3 Nf3+ 34.Bxf3 Rxd3 
35.Qxd3 Qxf3 36.Qd7 Rxe3 37.Rxe3 Bxe3 38.Qe8+ Kh7 39.Qxe3 Qxe3 40.fxe3 Kg6
41.Kf2 Kf5 1/2-1/2

[Event "23rd Bosna it"]
[Site "Sarajevo YUG"]
[Date "1984.03.24"]
[Round "5"]
[White "Van der Wiel, John"]
[Black "Popovic, Petar"]
[Result "1/2-1/2"]
[WhiteElo "2515"]
[BlackElo "2515"]
[EventDate "1984.03.19"]
[PlyCount "116"]

1.d4 Nf6 2.c4 g6 3.Nc3 Bg7 4.e4 d6 5.f3 O-O 6.Be3 a6 7.Qd2 b6 8.Rd1 Nbd7 
9.Bd3 c5 10.Nge2 cxd4 11.Nxd4 Bb7 12.O-O e6 13.Bg5 Qc7 14.Rc1 Qc5 15.Ne2 
Ne5 16.Be3 Qc7 17.Rfd1 Rfe8 18.b4 Qe7 19.Bf2 Rac8 20.Ng3 h5 21.h3 Kh7 22.
Re1 Rc7 23.Nb3 Bh6 24.Be3 Bxe3+ 25.Qxe3 Rec8 26.Nf1 Nfd7 27.Nfd2 Nc6 28.a3
a5 29.Nd4 Nxd4 30.Qxd4 axb4 31.axb4 b5 32.Bf1 Qg5 33.Qf2 Qf4 34.g3 Qf6 35.
f4 e5 36.h4 exf4 37.gxf4 bxc4 38.Rxc4 Rxc4 39.Bxc4 Kg7 40.Bb5 Nf8 41.Nc4 
Ne6 42.Rd1 Nxf4 43.Kh2 d5 44.e5 Qf5 45.Bd7 Qxd7 46.Qxf4 d4 47.Nd6 Rc2+ 48.
Rd2 Rc1 49.Nxb7 Qxb7 50.Rg2 Qc7 51.Qf6+ Kg8 52.b5 Re1 53.b6 Qxe5+ 54.Qxe5 
Rxe5 55.Rb2 Re8 56.b7 Rb8 57.Kg3 Kg7 58.Rb6 1/2-1/2

[Event "23rd Bosna it"]
[Site "Sarajevo YUG"]
[Date "1984.03.25"]
[Round "6"]
[White "Timman, Jan"]
[Black "Kortschnoj, Viktor"]
[Result "1/2-1/2"]
[WhiteElo "2610"]
[BlackElo "2635"]
[EventDate "1984.03.19"]
[PlyCount "73"]

1.e4 e5 2.Nf3 Nc6 3.d4 exd4 4.Nxd4 Nf6 5.Nxc6 bxc6 6.e5 Ne4 7.Be3 d5 8.
exd6 cxd6 9.Bd3 Nf6 10.O-O Be7 11.c4 O-O 12.Nc3 Be6 13.Re1 d5 14.cxd5 Nxd5
15.Nxd5 Bxd5 16.Qc2 h6 17.Bh7+ Kh8 18.Be4 Bf6 19.Red1 Rb8 20.Rab1 Bxe4 21.
Qxe4 Qa5 22.Qxc6 Qxa2 23.b4 Rfc8 24.Qd5 Qxd5 25.Rxd5 Rc4 26.b5 Ra4 27.g3 
Kg8 28.h4 Bd8 29.Rc1 Bb6 30.Bxb6 Rxb6 31.Rc8+ Kh7 32.h5 g6 33.Rd7 Kg7 34.
Rcc7 Rf6 35.Rxa7 Rb4 36.hxg6 Kxg6 37.Ra6 1/2-1/2

[Event "23rd Bosna it"]
[Site "Sarajevo YUG"]
[Date "1984.03.25"]
[Round "6"]
[White "Yusupov, Artur"]
[Black "Marjanovic, Slavoljub"]
[Result "1/2-1/2"]
[WhiteElo "2570"]
[BlackElo "2525"]
[EventDate "1984.03.19"]
[PlyCount "79"]

1.d4 d5 2.c4 e6 3.Nc3 c5 4.cxd5 exd5 5.Nf3 Nc6 6.g3 Nf6 7.Bg2 Be7 8.O-O 
O-O 9.Bg5 c4 10.Ne5 Be6 11.Nxc6 bxc6 12.b3 Qa5 13.Na4 Rfd8 14.e3 c5 15.
Nxc5 Bxc5 16.dxc5 Qxc5 17.bxc4 dxc4 18.Bxa8 Rxd1 19.Rfxd1 Nd7 20.Bf4 g5 
21.Bd6 Qf5 22.Rd4 Ne5 23.Bxe5 Qxe5 24.Rc1 h5 25.Bg2 Qa5 26.h4 Qa3 27.Rc2 
gxh4 28.gxh4 Qb4 29.Bf1 Qb1 30.Rdxc4 Bxc4 31.Rxc4 Qxa2 32.Rf4 Kg7 33.Kh2 
Qb2 34.Bg2 Qb5 35.Bf3 a5 36.Bd1 Kf8 37.Ba4 Qd5 38.Kg1 Ke7 39.Rd4 Qf5 40.
Rf4 1/2-1/2

[Event "23rd Bosna it"]
[Site "Sarajevo YUG"]
[Date "1984.03.25"]
[Round "6"]
[White "Romanishin, Oleg"]
[Black "Hulak, Krunoslav"]
[Result "1/2-1/2"]
[WhiteElo "2580"]
[BlackElo "2510"]
[EventDate "1984.03.19"]
[PlyCount "153"]

1.c4 c5 2.g3 g6 3.Bg2 Bg7 4.Nc3 Nc6 5.a3 a6 6.Nf3 Rb8 7.O-O d6 8.e3 Nf6 9.
d4 O-O 10.b4 b5 11.cxb5 axb5 12.Bd2 cxb4 13.axb4 Nxb4 14.Qb1 Na6 15.Rc1 b4
16.Nd1 Qb6 17.Nb2 Bf5 18.Qa2 Nc7 19.Nc4 Qb5 20.Na5 Ncd5 21.Ng5 b3 22.Qb2 
Bc2 23.e4 Qe2 24.Be1 h6 25.Nxb3 Ne3 26.fxe3 Qxe3+ 27.Bf2 Qxb3 28.Qxc2 Qxc2
29.Rxc2 hxg5 30.h3 Rfc8 31.Rxc8+ Rxc8 32.e5 dxe5 33.dxe5 Nd7 34.Ra7 Rc1+ 
35.Kh2 Rd1 36.e6 fxe6 37.Be4 Kf7 38.Ra2 Nf6 39.Bf3 Rb1 40.Kg2 Nd5 41.Rd2 
Rb2 42.Rxb2 Bxb2 43.Be4 Nf6 44.Bc2 g4 45.hxg4 Nxg4 46.Kf3 Ne5+ 47.Ke4 Kf6 
48.Be3 Nc4 49.Kf3 Nd6 50.Bc5 Nf5 51.Bb1 Be5 52.Bf2 Bc3 53.Bd3 Bd2 54.Bb1 
Kg5 55.Ke2 Bc1 56.Kf3 Bd2 57.Ke2 Bb4 58.Kf3 e5 59.Be3+ Kf6 60.g4 Nd6 61.
Bc2 Be1 62.Bc5 Nf7 63.Be3 Bh4 64.Bb1 Bg5 65.Bf2 Nd6 66.Bd3 Bd2 67.Bh4+ g5 
68.Bf2 Ke6 69.Be4 Ne8 70.Bc5 Nf6 71.Ba3 Kd7 72.Bb2 Bf4 73.Ba3 e6 74.Bf8 
Nd5 75.Bg6 Bd2 76.Bg7 Kd6 77.Bf8+ 1/2-1/2